On This Day: January 9th Quiz Stats

 Plays Quiz Updated Jan 9, 2018

Challenge
Share
Tweet
Embed
Score 0/7 Timer 03:00
1 Play Today
Question Answer Wrong Answers
Representatives from the United States and Iraq meet at the Geneva Peace Conference to try to find a peaceful resolution to the Iraqi invasion of this country.
1991
Kuwait
80.4%
Iran
9.3%
Lebanon
3.2%
Syria
4.5%
This influential English guitarist and songwriter, founder of the rock band Led Zeppelin, is born.
1944
Jimmy Page
78.9%
Eric Clapton
6.4%
Eddie Van Halen
8.5%
Keith Richards
4.4%
The Battle of Gallipoli concludes with a victory for the ______ when the last Allied forces are evacuated from the peninsula.
1916
Ottoman Empire
68.2%
British Empire
15.9%
French Republic
5.8%
Russian Empire
8.8%
Apple CEO Steve Jobs introduces the original ______ at a Macworld keynote in San Francisco.
2007
iPhone
66.3%
iPad
14.1%
iPod
9.7%
iMac
7.1%
This Gulf State becomes the second to secede from the Union before the outbreak of the American Civil War.
1861
Mississippi
62%
South Carolina
10.1%
Georgia
15.8%
Texas
12%
Umberto I becomes King of ______.
1878
Italy
42.3%
Spain
23.3%
Portugal
24.3%
Brazil
9.6%
This British Prime Minister resigns from office following his failure to retake the Suez Canal from Egyptian sovereignty.
1957
Anthony Eden
36%
Winston Churchill
26.1%
Harold Macmillan
20.2%
Harold Wilson
15.5%

Today's Daily Dose

You're not logged in!

Compare scores with friends on all Sporcle quizzes.
OR
Log In

You Might Also Like...

Show Comments

Extras

Top Quizzes Today


Score Distribution

Your Account Isn't Verified!

In order to create a playlist on Sporcle, you need to verify the email address you used during registration. Go to your Sporcle Settings to finish the process.

Report this User

Report this user for behavior that violates our Community Guidelines.

Details: